00000000nam 2200000za 4500
0019.699943
003CaOODSP
00520210625155040
007cr |||||||||||
008150407s1957    onc     o    f000 0 eng d
040 |aCaOODSP|beng
043 |an-cn---
0861 |aCP32-124/1957E-PDF
0861 |aZ1-1954/2-2E-PDF
24500|aReport on copyright |h[electronic resource] / |cRoyal Commission on Patents, Copyright, Trade Marks and Industrial Designs.
260 |aOttawa : |bRoyal Commission on Patents, Copyright, Trade Marks and Industrial Designs, |c1957.
300 |a95, 57 p.
500 |aDigitized edition from print [produced by Privy Council Office].
500 |aJ.L. Ilsley, chairman ; Guy Favreau and W.W. Buchanan, commissioners.
590 |a15-04-Supp|b2015-03-19
69007|aCommissions of inquiry|2gcpds
69007|aCopyright|2gcpds
7101 |aCanada. |bPrivy Council Office.
7101 |aCanada.|bRoyal Commission on Patents, Copyright, Trade Marks and Industrial Designs.
77508|tRapport sur le droit d'auteur |w(CaOODSP)9.643904
85640|ahttp://publications.gc.ca|qPDF|s3.48 MB|uhttps://publications.gc.ca/collections/collection_2014/bcp-pco/CP32-124-1957-1-eng.pdf
85640|ahttp://publications.gc.ca|qPDF|s6.28 MB|uhttps://publications.gc.ca/collections/collection_2014/bcp-pco/CP32-124-1957-2-eng.pdf